| 000 | 00748nam a22002417a 4500 | ||
|---|---|---|---|
| 005 | 20170124105922.0 | ||
| 010 | _aA-459699 | ||
| 020 | _c00.00 | ||
| 035 | _aA-459699 | ||
| 037 | _bCen Lib/Ret | ||
| 040 |
_aDPL _bEN |
||
| 082 | _a305.56 | ||
| 245 |
_aMandal commission controversy / _cedited by Asghar ali engineer |
||
| 260 |
_aDelhi _bAjanta publications _c1991 |
||
| 270 |
_aPost box no. 2192 Malka Ganj _bDelhi _e110007 |
||
| 300 |
_axxi,365p. _c20cm(Hb) |
||
| 650 |
_aPolitical science _9138760 |
||
| 650 |
_aMandal commission _94883 |
||
| 650 |
_aराजनीति विज्ञान _9138761 |
||
| 650 |
_aमंडल आयोग _91541 |
||
| 700 |
_aAsghar ali _9138762 |
||
| 942 |
_2ddc _cEN _h305.56 _mASG |
||
| 999 |
_c123230 _d123230 |
||